Statystyki dla Opisy ze Słownika Języka Polskiego #2

Kliknij tutaj aby rozwiązać quiz!

Ogólne statystyki

  • Ten quiz został rozwiązany 236 razy
  • Średni wynik to 9 z 22

Statystyki odpowiedzi

OpisWyraz% Poprawnych
Jrz.Najdłuższa część przewodu pokarmowegoJelito
86%
Brz.Pociąg płciowy skierowany zarówno ku osobnikom płci przeciwnej, jak i własnejBiseksualizm
79%
Nprzym.Będący w wieku, w którym nie uzyskało się jeszcze pełni praw obywatelskichNiepełnoletni
74%
Wrz.Warzywa używane łącznie jako składnik zup, rosołów i innych potrawWłoszczyzna
67%
Lrz.W siatkówce: zawodnik grający w obronie, odbierający zagrywkiLibero
66%
Kcz.O żabie: wydawać głosKumkać
64%
Trz.Klasyczny sposób lądowania (z przyklęknięciem) po skoku narciarskimTelemark
64%
Crz.W demonologii: pakt zawarty z diabłemCyrograf
62%
Iprzym.O człowieku dorosłym: zachowujący się jak dzieckoInfantylny
47%
Prz.Prymitywne łóżko zbite z desekPrycza
45%
Ucz.Wzbudzić w kimś zachwyt, pożądanieUwieść
33%
Dcz.Drżeć z zimna lub strachuDygotać
32%
Zcz.O tłuszczach i olejach jadalnych: zepsuć sięZjełczeć
31%
Grz.Teoretyczna powierzchnia przedstawiająca kształt ZiemiGeoida
28%
Hrz.Gatunek japońskiej poezji lirycznejHaiku
23%
Rrz.Tytuł lokalnych władców w Indiach; też: osoba nosząca ten tytułRadża
23%
Srz.Osoba wyznaczona przez sąd do zarządzania majątkiem firmy, która ogłosiła upadłośćSyndyk
16%
Orz.Proces łączenia się pierwiastków lub związków chemicznych z tlenemOksydacja
14%
Arz.Przyrząd do rozpylania farb za pomocą sprężonego powietrzaAerograf
12%
Erz.Równik ziemski dzielący powierzchnię Ziemi na półkule północną i południowąEkwator
12%
Frz.Choroba w postaci plam na szkliwie zębów oraz zmian w kościach i ścięgnachFluoroza
9%
Mrz.Nagwintowany pierścień służący do łączenia dwóch rurMufa
6%

Rozkład punktacji

Percentyl według liczby udzielonych odpowiedzi

Procent ludzi z każdym wynikiem

Twoja historia wyników

Nie rozwiązałeś tego quizu